| 000 | 00610nam a2200145 i 4500 | ||
|---|---|---|---|
| 001 | 176709 | ||
| 003 | ES-MaACL | ||
| 005 | 20230906220151.0 | ||
| 008 | 110203s1878 sp |||| | spa d | ||
| 110 | 2 |
_aInstituto de Enseñanza Media Cardenal Cisneros (Madrid) _94869 |
|
| 245 | 1 | 0 |
_aReseña y acta de la sesión pública celebrada en honor del Cardenal Jiménez de Cisneros el 26 de mayo de 1878 / _cpor el Instituto de que es titular, bajo la presidencia ... del Conde de Toreno... |
| 260 |
_aMadrid : _b[s.n.], _c1878 ( _fImp. de Aribau y Cª) |
||
| 300 |
_a39 p. ; _c20 cm. |
||
| 852 |
_aES-MaACL _jT-338-F-1 |
||
| 999 |
_c176709 _d176709 |
||